Research in collegiate mathematics education. II /
Guardado en:
| Otros Autores: | , , |
|---|---|
| Formato: | Libro |
| Idioma: | English |
| Publicado: |
Providence, R.I. :
American Mathematical Society,
c1996.
|
| Series: | Issues in mathematics education,
v. 6 |
| Etiquetas: |
Agregar Etiqueta
Sin Etiquetas, Sea el primero en etiquetar este registro!
|
| LEADER | 02012nam a22002055a 4500 | ||
|---|---|---|---|
| 001 | MAT.inmabb003575 | ||
| 008 | 060124s1996####riua##########000#0#eng#d | ||
| 005 | 20160509165016.0 | ||
| 245 | 1 | 0 | |a Research in collegiate mathematics education. |n II / |c Jim Kaput, Alan H. Schoenfeld, Ed Dubinsky, editors ; Thomas Dick, managing editor. |
| 260 | |a Providence, R.I. : |b American Mathematical Society, |c c1996. | ||
| 300 | |a xi, 217 p. : |b il. ; |c 26 cm. | ||
| 440 | 0 | |a Issues in mathematics education, |x 1047-398X ; |v v. 6 | |
| 505 | 0 | |a M. Asiala, A. Brown, D. J. DeVries, E. Dubinsky, D. Mathews, and K. Thomas, A framework for research and curriculum development in undergraduate mathematics education -- D. Dennis and J. Confrey, The creation of continuous exponents: A study of the methods and epistemology of John Wallis -- R. Zazkis and E. Dubinsky, Dihedral groups: A tale of two interpretations -- A. R. Leitze, To major or not major in mathematics? Affective factors in the choice-of-major decision -- M. C. Linn and C. Kessel, Success in mathematics: Increasing talent and gender diversity among college majors -- S. L. Burmeister, P. A. Kenney, and D. L. Nice, Analysis of effectiveness of supplemental instruction (SI) sessions for college algebra, calculus, and statistics -- K. Park and K. J. Travers, A comparative study of a computer-based and a standard college first-year calculus course -- A. Baranchik and B. Cherkas, Differential patterns of guessing and omitting in mathematics placement testing -- T. C. DeFranco, A perspective on mathematical problem-solving expertise based on the performances of male Ph.D. mathematicians -- Questions on new trends in the teaching and learning of mathematics: The Oberwolfach Conference, 27 November-1 December, 1995. | |
| 020 | |a 0821803824 | ||
| 700 | 1 | |a Kaput, Jim. |4 edt | |
| 700 | 1 | |a Schoenfeld, Alan H. |4 edt | |
| 700 | 1 | |a Dubinsky, Ed. |4 edt | |
| 084 | |a 97-06 |2 msc2000 | ||
| 859 | |h 97 |i R432-2 |p A-7424 |b BIB. MATEMATICA | ||
| 859 | |h 97 |i R432-2 |p A-7647 |t Ej. 2 |b BIB. MATEMATICA | ||
